000 01032nam a22001577a 4500
008 110623t xxu||||| |||| 00| 0 eng d
010 _aCCCRF-88
245 _aConstitutional Court Constitutional Reference No.10 of 2000 Kyamanywa Simon Vs Uganda
260 _c2000
500 _aCORAM: Hon. Mr. Justice G.M. Okello, JA Hon. Lady Justice A.E.N. Mpagi-Bahigeire, JA Hon. Mr. Justice S.G. Engwau, JA Hon. Mr. Justice A. Twinomujuni, JA Hon. Lady Justice C.N.B. Kitumba, JA
999 _c3714
_d3714